Separation process principles /

Guardado en:
Autor Principal: Seader, J. D.
Otros Autores: Henley, Ernest J.
Formato: Libro
Idioma:English
Publicado: New York : Wiley, c1998.
Materias:
Acceso en línea:Descripción
Tabla de contenido
Biografía del autor
Etiquetas: Agregar Etiqueta
Sin Etiquetas, Sea el primero en etiquetar este registro!
LEADER 01022pam a22002535a 4500
001 EIQ.libpla003381
008 971118s1998####nyua#####b####001#0#eng#d
005 20071214144502.0
245 1 0 |a Separation process principles /  |c J.D. Seader, Ernest J. Henley. 
260 |a New York :  |b Wiley,  |c c1998. 
300 |a xxvi, 886 p. :  |b il. ;  |c 26 cm. 
504 |a Incluye referencias bibliográficas e índice. 
020 |a 0471586269 (cloth : alk. paper) 
100 1 |a Seader, J. D. 
700 1 |a Henley, Ernest J. 
082 0 0 |a 660/.2842  |2 21 
650 4 |a Procesos  |v Separación (Tecnología). 
650 4 |a Processes  |v Separation (Technology). 
010 |a  97048606  
040 |a DLC  |c DLC  |d AR-BbSID 
856 4 2 |3 Descripción  |u http://www.loc.gov/catdir/description/wiley037/97048606.html 
856 4 |3 Tabla de contenido  |u http://www.loc.gov/catdir/toc/onix03/97048606.html 
856 4 2 |3 Biografía del autor  |u http://www.loc.gov/catdir/enhancements/fy0607/97048606-b.html 
859 |a AR-BbSID  |b BIB. PLAPIQUI  |h 660.284 2  |i Se 12  |p 5652